[Event "GER-chT U20"]
[Site "Muenster"]
[Date "2022.12.27"]
[Round "2"]
[White "Kilic, Hasan"]
[Black "Seref, Erdogan"]
[Result "1-0"]
[WhiteElo "1486"]
[BlackElo "1987"]
[PlyCount "139"]
[EventDate "2022.12.26"]
[EventType "team-swiss"]
[EventRounds "7"]
[EventCountry "GER"]
[SourceTitle "CBM 212 Extra"]
[Source "ChessBase"]
[SourceDate "2023.03.31"]
[SourceVersion "1"]
[SourceVersionDate "2023.03.31"]
[SourceQuality "1"]
[WhiteTeam "Kreuzberg"]
[BlackTeam "Brackel"]
[WhiteTeamCountry "GER"]
[BlackTeamCountry "GER"]

1. e4 e5 2. Nc3 Nf6 3. f4 d5 4. fxe5 Nxe4 5. Qf3 Nxc3 6. dxc3 Be7 7. Bf4 c5 8. 0-0-0 Nc6 9. Qxd5 Qxd5 10. Rxd5 Be6 11. Rd1 0-0 12. Nf3 h6 13. h3 Rfc8 14. Nd2 Bg5 15. Bxg5 hxg5 16. Ne4 Nxe5 17. Nxg5 Re8 18. Bb5 Re7 19. Rhe1 Bf5 20. g4 Bg6 21. Nf3 f6 22. Nxe5 fxe5 23. Rd5 a6 24. Bc4 Bf7 25. Rdxe5 Rc7 26. Bxf7+ Kxf7 27. Rf1+ Kg8 28. Rff5 Rac8 29. c4 b5 30. cxb5 axb5 31. h4 b4 32. h5 c4 33. Rb5 c3 34. Rxb4 cxb2+ 35. Rxb2 Rc4 36. g5 Kh7 37. Rfb5 Rh4 38. h6 gxh6 39. gxh6 Rxh6 40. Rb7+ Kg8 41. Rb8 Rh1+ 42. Kd2 Rxb8 43. Rxb8+ Kf7 44. a4 Ra1 45. Rb4 Ke6 46. Rd4 Ke5 47. c3 Rb1 48. Kc2 Rb6 49. a5 Ra6 50. Rh4 Kd5 51. Kb3 Rg6 52. Rh5+ Kc6 53. Kb4 Kb7 54. Kb5 Rf6 55. Rh7+ Kb8 56. c4 Rg6 57. Rh8+ Kb7 58. a6+ Ka7 59. c5 Rf6 60. Rh7+ Kb8 61. c6 Rf1 62. a7+ Ka8 63. c7 Rc1 64. Rh8+ Kxa7 65. c8Q Rb1+ 66. Ka4 Ra1+ 67. Kb3 Rb1+ 68. Ka2 Rb2+ 69. Kxb2 Kb6 70. Qb8+ 1-0